000 00775cam a22002653a 4500
001 3097
003 PGUSA
005 20140828083025.0
008 060406s2006||||xxu|||||s|||||000 1 eng d
040 _aPGUSA
_beng
042 _adc
050 4 _aPR
100 1 _aHaggard, H. Rider
_q(Henry Rider),
_d1856-1925
245 1 4 _aThe Wanderer's Necklace
_h[electronic resource] /
_cH. Rider Haggard
260 _bProject Gutenberg,
_c2006
506 _aPublic domain in the USA.
516 _aElectronic text
653 _aAdventure stories
653 _aJutland (Denmark) -- Fiction
653 _aReincarnation -- Fiction
653 _aIstanbul (Turkey) -- Fiction
830 0 _aProject Gutenberg
_v3097
856 4 0 _uhttp://www.gutenberg.org/ebooks/3097
942 _cEB
999 _c232426
_d232426